LEADER 00942naa a2200217 u 4500 001 000000093925 003 CaOOAMICUS 005 20070226130136.0 008 010720m19811992fr u000 u fre u 035 $a10898025 040 $aPUL(R)$bita 100 1 $aBogouslavski, Marc Moïsseiévitch,$d1924-$0(OLS)http://pul/name/60405 245 10$aDoctrine et pratique soviétique en droit international privé /$cpar M.M. Bogouslavski. 260 $a[S. l. :$bs. n.],$c1981-1992. 300 $aP. [331-431] 504 $aBibliografia in nota. 650 4$aDiritto internazionale privato$zRussia.$0(OLS)http://pul/subject/30086 773 0 $tRecueil des cours$gv.I (1981) 773 0 $tRecueil des cours 1981 : collected courses of The Hague Academy of International Law$w()60391 996 $6245$aDoctrine et pratique soviétique en droit international privé$9(OLS)http://pul/title/120781 996 $6260$a[S. l. :$bs. n.]$9(OLS)http://pul/publisher/47882 LEADER 01321nam a2200265 a 4500 001 000000156062 003 CaOOAMICUS 005 20161109134550.0 008 161109s1996 it u000 u eng r 032 $aLibriCat 040 $aPUL$bita 100 1 $aLaliberte, Robert Leness.$0(OLS)http://pul/name/99470 245 14$aThe trail of divine beauty : $bknowledge of God through natural beauty in the thought of Jonathan Edwards / $cRobert Leness Laliberte . 260 $aRoma :$b[s.n.],$c1997. 300 $avi, 399 p. ; $c24 cm. 502 $aDissertatio ad lauream in facultate Philosophiae apud Pontificiam Universitatem S. Thomae de Urbe.1997. 504 $aBibliografia in nota a piè pagina. 600 14$aEdwards, Jonathan,$d1703-1758.$0(OLS)http://pul/subject/33181 710 2 $aPontificia Università S. Tommaso.$bFacoltà di filosofia.$kTesi.$0(OLS)http://pul/name/83008 850 $aPUL 852 $aPUL$W1$xDP1 Tesi Pon. Univ. S. Tommaso$y44$mTH S.THOM 1045$j179236$qTesi$B182401$CPULBib$Z2$F182401 $H78812 $82 941 1 $a16 996 $6245$aThe trail of divine beauty : $bknowledge of God through natural beauty in the thought of Jonathan Edwards / $9(OLS)http://pul/title/195703 996 $6260$aRoma :$b[s.n.]$9(OLS)http://pul/publisher/47958